000 00539nam a22001817a 4500
999 _c141559
_d141559
005 20230421144649.0
010 _aENG-118755
020 _a9788183822664
_c125.00
035 _aEN-102287
037 _bDABD/PUB
082 _a389.9
100 _aSharma,Kavita
245 _aCommon and uncommon proverbs/
_cby Kavita Arora
260 _aNew Delhi
_bLotus Press
_c2012
270 _a4735/22,Prakash Deep Building,Ansari Road,Daryaganj
_bNew Delhi
_e110002
300 _a216p.
_c22cm(pbk)
942 _2ddc
_cEN
_mSHA
_h398.9